| 000 | 00813nam a22002297a 4500 | ||
|---|---|---|---|
| 003 | NUST | ||
| 005 | 20250516155038.0 | ||
| 008 | 250516b ||||| |||| 00| 0 eng d | ||
| 020 | _a9789673498505 | ||
| 082 |
_223 _a547 _bWAD |
||
| 100 |
_aLeroy G. Wade, Jan W. Simek Maya Shankar Singh _9129027 |
||
| 245 |
_aOrganic Chemistry _cLeroy G. Wade, Jan W. Simek Maya Shankar Singh |
||
| 250 | _a9th | ||
| 260 |
_aMalaysia, Sdn, Bhd _bPearson _c2020 |
||
| 300 |
_a1572p. _bpb. |
||
| 440 |
_aOrganic Chemistry _9111731 |
||
| 505 |
_rLeroy G. Wade, Jan W. Simek Maya Shankar Singh _tOrganic Chemistry |
||
| 600 |
_aLeroy G. Wade, Jan W. Simek Maya Shankar Singh _9129027 |
||
| 700 |
_aLeroy G. Wade, Jan W. Simek Maya Shankar Singh _9129027 |
||
| 760 | _b9th | ||
| 942 |
_2ddc _cBK _e9th _k547 WAD 2020 _m547 WAD 2020 |
||
| 999 |
_c613774 _d613774 |
||